00450 2200169 4500001002100000008004100021035002000062082000800082084001400090100002000104245007900124250000600203260003300209650001400242990001200256990001200268INLIS000000000001210 ind  a0010-0524000445 a420 a420 OTO s aSetiawan, Otong aSiaga & Sukses Jelang Ujian Nasional Bahasa Inggris SMA/MAcOtong Setiawan a1 aBandung :bYrama Widyac2010 aNon Fiksi a0713881 a0713882